[Event "MPL-1 Indian Chess Tour 2022"]
[Site "Online"]
[Date "2022.03.27"]
[Round "2.7"]
[White "Erigaisi Arjun"]
[Black "Ganguly, Surya Shekhar"]
[Result "1/2-1/2"]
[WhiteElo "2633"]
[BlackElo "2627"]
[Annotator "TA"]
[PlyCount "99"]
[EventDate "2022.03.30"]
[EventType "tourn"]
[EventCountry "NET"]
[SourceTitle "playchess.com"]
[Source "ChessBase"]
[SourceQuality "1"]

{[%evp 9,99,9,21,-19,-17,-14,-15,-19,-10,-27,0,8,20,9,43,40,42,37,84,79,66,79,91,74,93,64,64,60,83,53,51,27,33,18,30,0,0,0,0,-16,0,-7,0,0,0,0,18,0,0,0,0,0,0,0,0,0,0,0,0,0,0,0,0,0,0,0,0,0,0,0,0,0,0,0,0,0,0,0,460,0,0,0,0,0,0,0,0,0,0,0,0,0]} 1. c4 Nf6 2. Nc3 e6 {[%cal Be7e6,Be6d5][%mdl 32]} 3. e4 d5 4. cxd5 exd5 5. e5 Ne4 6. d3 {A18: English Opening: Flohr-Mikenas System (1 c4 Nf6 2 Nc3 e6 3 e4).} Nxc3 7. bxc3 c5 8. d4 Nc6 9. Nf3 {[#]} Bg4 $146 ({Predecessor:} 9... c4 10. g3 Be7 11. Bg2 Bf5 12. Ng1 O-O 13. Ne2 f6 14. exf6 Bxf6 15. h4 h6 {½-½ (28) Petrosyan,M (2590)-Shuvalova,P (2445) Moscow 2020}) 10. Rb1 Qc7 11. Be2 Bf5 12. Bd3 Bxd3 13. Qxd3 c4 {[#]} (13... cxd4 $14 14. cxd4 Bb4+ 15. Kf1 O-O) 14. Qf5 $1 $16 Nd8 15. O-O Qd7 16. Qh5 {[%cal Oe5e6] White is much more active.} Ne6 17. Ng5 {And now Nxe6 would win.} g6 18. Qf3 {[%cal Oa2a4]} Bg7 19. Nxe6 fxe6 20. Bg5 {[%cal Oa2a4]} b6 21. h3 (21. Rb2 {looks sharper.} Qf7 22. Qe2 Rb8 23. a4 Rb7 24. Rfb1) 21... Qf7 22. Qxf7+ (22. Qg4 {is more complex.} O-O 23. Rb2 Rab8 24. a4 Rb7 25. Ra1) 22... Kxf7 23. g4 h6 24. Bf4 h5 25. Kg2 hxg4 26. hxg4 Ke7 27. Bg5+ Kd7 $1 28. Bf6 Bxf6 29. exf6 $11 {[%mdl 4096] Endgame KRR-KRR} Raf8 30. g5 {Threatens to win with Rh1.} Rh5 31. f4 {Black must now prevent Rh1.} Rfh8 $1 32. Rf3 Rh2+ 33. Kg3 Rxa2 34. Re1 {[%cal Of4f5] Hoping for f5!} Rah2 35. Ra1 a5 36. Rb1 R2h3+ 37. Kg2 Rh2+ 38. Kg3 R2h3+ 39. Kg2 Rxf3 40. Kxf3 {KR-KR} Rb8 41. Ra1 Ra8 42. Rb1 Kc6 (42... a4 $5 {[%cal Ra4a3]}) 43. Re1 Kd7 {[%mdl 8192] [#]} (43... Kd6 $11 {and Black stays safe.}) 44. Rb1 $2 (44. f5 $1 $18 {[%cal Rf5g6]} exf5 45. Re7+ Kd6 46. Rg7) 44... Kc7 {The position is equal.} 45. Re1 Kd6 46. Rb1 Rb8 47. Ra1 Ra8 48. Rb1 Rb8 49. Ra1 Ra8 50. Rb1 {Weighted Error Value: White=0.30/Black=0.22 (precise)} 1/2-1/2

[Event "MPL-1 Indian Chess Tour 2022"]
[Site "Online"]
[Date "2022.03.27"]
[Round "2.8"]
[White "Adhiban, B.."]
[Black "Harika, Dronavalli"]
[Result "1/2-1/2"]
[WhiteElo "2648"]
[BlackElo "2517"]
[Annotator "TA"]
[PlyCount "131"]
[EventDate "2022.03.30"]
[EventType "tourn"]
[EventCountry "NET"]
[SourceTitle "playchess.com"]
[Source "ChessBase"]
[SourceQuality "1"]

{[%evp 9,131,20,28,31,33,32,30,29,47,23,51,25,30,16,30,20,30,23,39,0,52,38,70,18,107,0,28,35,43,0,21,0,0,0,0,0,0,-14,51,-7,0,0,0,-4,17,0,22,0,0,0,7,0,0,0,8,9,15,0,65,65,80,19,88,0,0,0,0,0,8,8,63,81,87,87,87,87,87,87,87,87,87,16,20,20,20,20,20,16,20,16,20,19,20,0,20,8,20,10,20,16,20,10,16,0,8,8,16,8,8,8,8,0,0,0,0,0,0,0,0,0,0,0,0,0]} 1. e4 c5 2. Nf3 e6 3. b3 a6 4. Bb2 Nc6 5. c4 d6 6. d4 {B40: Sicilian: 2...e6, Unusual lines.} cxd4 7. Nxd4 Nf6 8. Nc3 {White has an edge.} Be7 9. g3 O-O 10. Bg2 Bd7 {[%cal Ob7b5]} 11. O-O Rc8 {[%cal Ob7b5]} 12. a4 {[#]} Qa5 $146 ({Predecessor:} 12... Qb6 13. Nxc6 bxc6 14. a5 Qc7 15. Re1 c5 16. g4 Bc6 17. g5 Nd7 18. f4 e5 {½-½ (29) Krnan,T (2427)-Hua,E (2331) Mississauga 2018}) 13. Nce2 Rfd8 14. h3 Bf8 (14... d5 $11) 15. Bc3 Qc7 16. Rc1 (16. Nxc6 $14 Bxc6 17. Bxf6 gxf6 18. Nf4) 16... Qb8 (16... e5 $11) 17. Kh1 {White is more active.} (17. Nxc6 $16 Bxc6 18. Bxf6 gxf6 19. Nf4) 17... Nxd4 18. Bxd4 b5 19. cxb5 (19. Bxf6 $14 {deserves consideration.} gxf6 20. axb5 axb5 21. Nf4) 19... axb5 20. a5 e5 {And now ...Rxc1 would win.} 21. Bb6 Rxc1 22. Nxc1 Rc8 23. Nd3 Bc6 (23... Be6 $11) 24. Re1 (24. Nb4 $1 $14) 24... Nd7 25. Be3 Qa8 26. Bd2 d5 {[%cal Rd5e4]} 27. Qe2 Re8 28. Kg1 (28. Kh2 {seems wilder.} Nf6 29. Nb4 Nxe4 30. Nxc6 Qxc6 31. Bxe4 dxe4 32. Qxe4 Qxe4 33. Rxe4 f6 34. Re1) 28... dxe4 29. Bxe4 Bxe4 30. Qxe4 Qxe4 31. Rxe4 f5 32. Re1 e4 $1 {Threatens to win with ...Rd8.} 33. Kg2 Rd8 (33... Ra8 $11 34. Nf4 b4) 34. Nf4 $1 $14 Nc5 {[%csl LRb3,LRd2] [#] Prevents Ne6.} 35. Be3 (35. Bb4 $1 $16 {[%cal Rb4c5]}) 35... Nxb3 (35... Ra8 $1 $11 {remains equal.}) 36. Rb1 (36. Ne6 $16 Ra8 37. Nxf8 Kxf8 38. Rb1 Nxa5 39. Ra1) 36... Nxa5 $11 37. Bb6 Ra8 {Hoping for ...Nc4.} 38. Ra1 Ra6 39. Nd5 ({Reject} 39. Bxa5 {[#]} Bb4 $1 40. Rb1 Bxa5 41. Rxb5 g6 $17) 39... Rxb6 40. Nxb6 $14 Nc4 41. Nxc4 bxc4 $16 {[%mdl 4096] Endgame KR-KB} 42. Rc1 Kf7 43. Rxc4 Bd6 44. Ra4 h5 45. g4 (45. Ra7+ $16 Kf6 46. Ra6) 45... hxg4 $11 {The position is equal.} 46. hxg4 g6 47. Ra7+ Ke6 48. Kh3 Ke5 49. Ra6 Bc5 50. Ra5 Kd6 51. Ra6+ Ke5 52. Kg3 fxg4 53. Ra8 Kd5 54. Re8 {[%mdl 1024] White has compensation.} Bd4 55. Rd8+ Kc4 56. Re8 Kd3 57. Re6 g5 58. Re8 e3 59. fxe3 Bxe3 60. Kxg4 Bf4 61. Kf3 Kd4 62. Re4+ Kd5 63. Re1 Kd4 64. Re4+ Kd5 65. Rxf4 gxf4 66. Kxf4 {Weighted Error Value: White=0.18 (very precise) /Black=0.17 (very precise)} 1/2-1/2

[Event "MPL-1 Indian Chess Tour 2022"]
[Site "Online"]
[Date "2022.03.27"]
[Round "3.1"]
[White "Harika, Dronavalli"]
[Black "Sethuraman, S.P."]
[Result "1/2-1/2"]
[WhiteElo "2517"]
[BlackElo "2619"]
[Annotator "TA"]
[PlyCount "75"]
[EventDate "2022.03.30"]
[EventType "tourn"]
[EventCountry "NET"]
[SourceTitle "playchess.com"]
[Source "ChessBase"]
[SourceQuality "1"]

{[%evp 12,75,32,18,27,27,25,20,19,0,2,0,0,0,14,6,0,8,16,0,16,15,6,0,0,0,0,-11,10,17,20,4,12,28,19,0,0,0,24,0,45,0,25,0,12,0,0,0,0,0,0,0,0,0,0,0,0,0,0,0,0,0,0,0,0,0]} 1. e4 c5 2. Nf3 e6 3. d4 cxd4 4. Nxd4 Nc6 5. Nc3 Qc7 6. Be3 a6 7. a3 {7.g4 is the modern continuation.} (7. Qf3 {is interesting.} Ba3 8. O-O-O Ne5 9. Qg3 Qxc3 10. bxa3 Ng6 11. Nb3) 7... Be7 {B48: Sicilian: Taimanov: 5 Nc3 Qc7 6 Be3 a6 without Be2.} 8. f4 b5 9. Nxc6 (9. Bd3 {seems wilder.} Bb7 10. Nb3 d6 11. O-O Nf6 12. Qf3) 9... dxc6 10. Be2 Bb7 11. O-O c5 12. Bf3 b4 13. axb4 cxb4 14. Na4 Nf6 {[#]} 15. e5 $146 ({Predecessor:} 15. Bb6 Qc4 16. b3 Qb5 17. Qd3 Rc8 18. Bd4 Qxd3 19. cxd3 Rd8 20. Bc5 Nd7 21. Be3 {½-½ (54) Voiculescu,C (2101)-Taylor,B (1990) ICCF email 2007}) 15... Nd7 16. Bxb7 Qxb7 17. Qf3 Qxf3 18. Rxf3 Rc8 19. Rf2 O-O 20. Rd2 Rc7 21. Kf1 {[%cal Bg1f1,Bf1e2,Be2f3,Bf3g3][%mdl 32]} Rb8 22. Rad1 Rbb7 23. Ke2 g6 24. b3 a5 25. Kf3 Kf8 (25... f6 $11) 26. g4 (26. Nb2 $14 {should be considered.}) 26... Ke8 27. h4 {[%cal Bh2h4,Bh4h5][%mdl 32]} Rb8 {The position is equal.} 28. h5 g5 29. fxg5 Nxe5+ 30. Kg3 {[#] Hoping for Bf4.} Rb5 31. Bf4 {aiming for Re2.} Rd7 32. c4 bxc3 $1 33. Nxc3 Rxd2 34. Rxd2 Rc5 35. Ne4 Rb5 36. Nc3 Rc5 37. Ne4 Rb5 38. Nc3 {A balanced but interesting game.  Weighted Error Value: White=0.07 (flawless) /Black=0.05 (flawless)} 1/2-1/2

[Event "MPL-1 Indian Chess Tour 2022"]
[Site "Online"]
[Date "2022.03.27"]
[Round "3.2"]
[White "Ganguly, Surya Shekhar"]
[Black "Adhiban, B.."]
[Result "1-0"]
[WhiteElo "2627"]
[BlackElo "2648"]
[Annotator "TA"]
[PlyCount "105"]
[EventDate "2022.03.30"]
[EventType "tourn"]
[EventCountry "NET"]
[SourceTitle "playchess.com"]
[Source "ChessBase"]
[SourceQuality "1"]

{[%evp 11,105,37,46,32,22,41,55,56,57,54,59,52,67,83,77,50,85,62,55,58,45,0,0,-12,0,0,0,0,0,0,0,0,0,0,0,0,0,0,12,20,19,0,0,-19,-8,0,-10,-3,0,-40,-27,-47,-7,-8,0,-21,0,0,0,2,5,0,0,0,0,0,0,0,197,145,647,578,572,422,413,652,732,709,559,591,1203,525,1042,984,819,672,1496,1017,5520,5477,29979,29980,29984,29984,29984,29985]} 1. e4 e5 2. Nf3 Nc6 3. Bc4 Nf6 4. d3 d5 5. exd5 Nxd5 6. O-O Be7 7. h3 {C24: Bishop's Opening: 2...Nf6.} O-O 8. Re1 Bf6 9. Nbd2 {White is slightly better.} Nb6 10. Bb3 a5 11. a4 {[#]} Kh8 $146 ({Predecessor:} 11... Bf5 12. Ne4 Be7 13. Ng3 Be6 14. Bxe6 fxe6 15. Nxe5 Nxe5 16. Rxe5 Qd4 17. Re2 Nd5 {1-0 (28) Shirokov,A (2185)-Spirin,A (1961) Novokuznetsk 2014}) 12. Ne4 Bf5 13. Be3 Nd5 {[%cal Bb6d5,Bd5f4,Bf4e6,Be6d4][%mdl 32]} 14. Bc5 (14. Nxf6 gxf6 15. Nh4 Be6 $11) 14... Re8 15. Nxf6 gxf6 16. Nh4 (16. Kh2 $14) 16... Be6 $11 17. Kh2 Rg8 18. Qf3 {Inhibits f5.} Nf4 {Threatens to win with ...Bxb3.} 19. Bxe6 Nxe6 {Pair of Knights!} 20. Be3 Ncd4 21. Bxd4 Nxd4 22. Qd1 f5 {[%cal Bf6f5,Bf5f4][%mdl 32]} 23. g3 {aiming for c3.} f4 24. c3 ({Avoid the trap} 24. Rxe5 $2 fxg3+ 25. fxg3 Qd6 $19) 24... Qg5 {[%cal Rf4g3]} 25. Rg1 Nc6 {[%cal Oe5e4]} 26. Qf3 f5 27. Ng2 {[%cal Rg3f4]} fxg3+ 28. fxg3 e4 29. Qf4 exd3 30. Rad1 Qxf4 31. gxf4 Rad8 (31... Rae8 $5 {[%cal Re8e2]} 32. Rxd3 Re2 $17) 32. Rge1 Rd7 33. Rd2 Ne7 34. Re3 Nd5 35. Rexd3 Rgd8 $1 36. Ne3 {[%cal Rd3d5]} Nb6 37. Rxd7 Rxd7 38. Rxd7 Nxd7 {[%mdl 4096] Endgame KN-KN} 39. b4 {To avoid Nc5} axb4 $2 (39... Nb6 $1 $11 {and Black has nothing to worry.}) 40. cxb4 $18 {[%cal Bc3b4,Bb4b5][%mdl 32]} c5 $2 {[%mdl 8192] [#] Black cannot hold the game after this.} (40... Kg7 $16) 41. b5 $1 b6 42. Kg2 Kg8 ({Less strong is} 42... Kg7 43. Nxf5+ Kf6 44. Ne3 $18) 43. Kf3 Kf7 44. Nxf5 Ke6 45. Ne3 Nf6 46. Ke2 (46. f5+ $142 Ke7 47. Kf4) 46... Ne4 47. Kd3 Nf2+ 48. Kc4 Nxh3 49. Nd5 Kd6 50. f5 h5 51. Nxb6 {White mates.} h4 52. a5 {[%cal Ba4a5,Ba5a6][%mdl 32]} Nf4 53. a6 {Weighted Error Value: White=0.15 (very precise) /Black=0.49} 1-0

[Event "MPL-1 Indian Chess Tour 2022"]
[Site "Online"]
[Date "2022.03.27"]
[Round "3.3"]
[White "Mendonca, Leon Luke"]
[Black "Erigaisi Arjun"]
[Result "1-0"]
[WhiteElo "2536"]
[BlackElo "2633"]
[Annotator "TA"]
[PlyCount "153"]
[EventDate "2022.03.30"]
[EventType "tourn"]
[EventCountry "NET"]
[SourceTitle "playchess.com"]
[Source "ChessBase"]
[SourceQuality "1"]

{[%evp 12,153,36,33,42,31,55,55,52,52,89,87,73,70,95,77,100,75,139,128,141,148,173,166,171,156,160,172,162,65,114,83,121,120,120,124,124,40,98,93,87,4,49,54,76,77,81,85,77,82,75,75,80,94,81,85,75,75,81,63,78,65,79,58,66,66,117,63,58,73,70,70,70,77,81,27,28,21,80,70,100,100,99,98,98,0,7,0,11,0,15,15,70,0,0,0,56,0,0,0,64,0,0,0,64,0,0,0,0,0,64,64,64,64,64,80,319,312,323,296,649,653,629,611,870,883,1054,639,681,678,660,0,1168,1137,1645,1450,1297,1283,12834,10518,12837,12836,1366,1340]} 1. d4 g6 2. c4 Bg7 3. Nf3 d6 4. Nc3 Nc6 5. d5 Ne5 6. Nxe5 Bxe5 7. e4 Nf6 {A41: 1 d4 d6: Tartakower System and Modern Defence.} 8. Bd3 {[#]} Bxc3+ $146 ({Predecessor:} 8... O-O 9. O-O e6 10. Bg5 exd5 11. exd5 h6 12. Bh4 Bf4 13. Qc2 Kg7 14. Kh1 Bd7 15. Ne2 {0-1 (40) Lysyj,I (2603)-Moroni,L (2588) Chess.com INT 2022}) 9. bxc3 Nd7 {White is slightly better.} 10. O-O e5 11. dxe6 $1 fxe6 12. Bh6 Qf6 13. Qd2 Nc5 14. f4 {[%cal Oe4e5]} Bd7 (14... b6 $142) 15. e5 Qf7 16. exd6 cxd6 17. Bc2 O-O-O 18. Qxd6 b6 {White must now prevent ...Ba4.} 19. Qe5 $1 {White is much more active.} Bc6 20. Rad1 (20. Bg5 $18) 20... Qc7 (20... Rxd1 $1 $14 21. Rxd1 Re8) 21. Bg7 Rhg8 22. Qxc7+ Kxc7 23. Be5+ {A strong pair of Bishops.} Kc8 24. h4 (24. Rd4 $1 $16) 24... Ba4 (24... Be4 $14 25. Bxe4 Nxe4) 25. Bxa4 $16 Nxa4 26. Bf6 (26. Rd4 $1 $16) 26... Rdf8 (26... Rxd1 $11 {is superior.} 27. Rxd1 Rf8) 27. Bd4 $14 Nb2 28. Rde1 Re8 29. c5 bxc5 30. Bxc5 Nd3 {[%csl LRc5,LRe1] [#]} 31. Re4 $1 {Bd6 is the strong threat.} Nxc5 32. Rc4 Kd7 {And now ...Rc8 would win.} 33. Rxc5 $16 {[%mdl 4096] Endgame KRR-KRR} Rc8 34. Ra5 Rc7 35. Ra6 Rf8 36. Rf3 Rf5 37. Rd3+ Ke7 38. g3 Rfc5 (38... Rb5 $14) 39. Kf2 (39. Rdd6 $1 $16) 39... Kf6 $14 40. Re3 R5c6 41. Ra3 h5 42. Kf3 a6 43. Rd3 (43. c4 $16) 43... Rb7 $11 44. Rb3 Rbc7 (44... Rb5 $11) 45. Ke3 Rc4 46. Kd2 Ra4 {[#]} 47. a3 $1 Kf5 {[#]} 48. Kc2 (48. Re3 $1 $16) 48... Rc6 $1 49. Kb2 Re4 50. Rb8 Re2+ 51. Kb3 Ke4 (51... Re4 $11) 52. Rd4+ (52. Rbd8 $1 $14) 52... Kf3 53. Rd3+ Ke4 (53... Kf2 $11) 54. Rd4+ (54. Rbd8 $1 $14) 54... Kf3 55. Rd3+ Kg4 (55... Ke4 $11 56. Rbd8 Re1) 56. Rg8 (56. c4 $14) 56... e5 $1 57. fxe5 Rb6+ (57... Rxe5 $11 58. Rgd8 Rb5+ 59. Kc2 Kh3) 58. Kc4 (58. Ka4 $1 $14) 58... Rxe5 59. Rgd8 {Threatens to win with Kd4.} Rc6+ 60. Kb3 Rb6+ ({Black should play} 60... Re1 $11) 61. Ka4 $1 $14 Rc5 62. R8d4+ Kh3 $1 63. c4 {aiming for g4+.} Rb1 $2 (63... Rc7 $16 {was necessary.}) 64. Rc3 Rg1 65. Kb4 Rc6 $2 (65... Rc7 66. Rdd3 Rb1+ 67. Ka5 Rc6) 66. c5 $18 Rb1+ 67. Kc4 Rb5 68. Kd5 Rf6 69. Re4 a5 70. a4 Rb8 71. c6 $2 ({White should try} 71. Re7 $18) 71... Rc8 $2 {[%mdl 8192]} (71... Rd8+ $11 72. Kc5 Rxc6+ 73. Kxc6 Rc8+ 74. Kb5 Rxc3) 72. c7 {White is clearly winning.} Rb6 73. Re6 Rb4 74. Rxg6 Rxa4 75. Kc6 Re4 76. Kb7 Ree8 77. Ra6 {Weighted Error Value: White=0.19 (very precise) /Black=0.22 (precise)} 1-0

[Event "MPL-1 Indian Chess Tour 2022"]
[Site "Online"]
[Date "2022.03.27"]
[Round "3.4"]
[White "Narayanan.S.L"]
[Black "Sankalp Gupta"]
[Result "1/2-1/2"]
[WhiteElo "2658"]
[BlackElo "2536"]
[Annotator "TA"]
[PlyCount "140"]
[EventDate "2022.03.30"]
[EventType "tourn"]
[EventCountry "NET"]
[SourceTitle "playchess.com"]
[Source "ChessBase"]
[SourceQuality "1"]

{[%evp 9,140,-40,-24,-20,-21,-29,-22,-19,-17,-23,-26,-16,0,-16,0,0,0,0,-6,-15,-6,-17,-20,-23,-18,-14,0,0,0,0,0,0,18,15,15,15,17,24,74,76,82,78,86,78,71,66,66,30,35,0,54,52,72,59,59,59,76,52,52,55,50,50,50,50,50,50,50,50,50,50,50,50,59,50,50,50,50,50,50,50,50,50,50,50,50,50,50,50,50,50,50,50,51,32,60,47,47,47,47,47,89,32,32,32,32,32,32,32,32,0,16,16,16,16,16,16,16,16,16,16,16,0,0,0,0,8,8,0,0,0,0,0,0]} 1. c4 e5 2. Nc3 Nf6 3. Nf3 e4 4. Ng5 c6 {[#]} 5. c5 $146 ({Predecessor:} 5. Ngxe4 Nxe4 6. Nxe4 d5 7. cxd5 cxd5 8. Ng3 h5 9. e3 h4 10. Bb5+ Nc6 11. Ne2 h3 12. g3 {½-½ (40) Nyzhnyk,I (2674)-Sevian,S (2684) Saint Louis 2022}) 5... Bxc5 (5... e3 $5 {[%cal Re3f2]} 6. d4 (6. dxe3 Bxc5 7. Nge4 Nxe4 $15) 6... Ng4 $11) 6. Ngxe4 {A22: English Opening: 1...e5 2 Nc3 Nf6.} Nxe4 7. Nxe4 Be7 8. d4 d5 9. Nc3 Bd6 10. g3 h5 11. h4 Bg4 12. Bg2 O-O 13. O-O Re8 14. Qd3 Na6 {[%cal Bb8a6,Ba6c7,Bc7d5][%mdl 32]} 15. a3 Nc7 16. e4 dxe4 17. Nxe4 Nd5 18. Bg5 Qd7 19. Rfe1 Bf5 20. Qb3 Bxe4 21. Bxe4 Bf8 22. Re2 g6 23. Rae1 Re6 (23... Rec8 $11) 24. Bxd5 $16 cxd5 25. Rxe6 fxe6 26. Qe3 {White is more active.} Re8 27. Bf4 Kh7 28. Be5 Bh6 29. Bf4 Bg7 (29... Bf8 $1 $11) 30. Kg2 $14 a6 31. Qd3 Rc8 32. Re3 Qc6 33. Qe2 Qc2 34. Rxe6 {[#] aiming for Qe3.} Qxe2 35. Rxe2 {Threatens to win with Re7.} Bxd4 {[%mdl 4096] Endgame KRB-KRB} 36. Rd2 Bf6 37. Rxd5 {Black must now prevent Rd7+.} Bxb2 38. Rd7+ Kg8 39. Rxb7 Bxa3 40. Rb6 {[%csl LRa6,LRg6]} Kh7 41. Rxa6 Bb2 42. Ra7+ Kg8 43. Rd7 Bf6 44. Kf3 Re8 45. Rb7 Re7 46. Rb6 Rf7 47. Ke4 {And now Bg5 would win.} Kh7 48. Be3 Bg7 49. Ra6 Rd7 50. Bc5 Rf7 51. f4 Bc3 52. Rc6 Be1 53. Kf3 Bc3 {To avoid Bd4} 54. Bd6 Bg7 (54... Rf6 $14 {is more appropriate.}) 55. Rc5 ({Better is} 55. Ke4 $16) 55... Bf8 {[#]} 56. Rc7 $1 Rxc7 (56... Rg7 57. Rxg7+) 57. Bxc7 {KB-KB} Kg7 58. Bd8 Kf7 59. g4 hxg4+ {The position is equal.} 60. Kxg4 Bb4 61. Kg5 Bd2 62. Bc7 Bc1 63. Be5 Bd2 64. Kg4 Bc1 65. f5 gxf5+ 66. Kxf5 Bd2 67. h5 Bc1 68. Bf4 Bxf4 69. Kxf4 Kg7 70. h6+ Kxh6 {Weighted Error Value: White=0.05 (flawless) /Black=0.06 (flawless)} 1/2-1/2

[Event "MPL-1 Indian Chess Tour 2022"]
[Site "Online"]
[Date "2022.03.27"]
[Round "3.5"]
[White "Karthikeyan, Murali"]
[Black "Puranik, Abhimanyu"]
[Result "1-0"]
[WhiteElo "2622"]
[BlackElo "2618"]
[Annotator "ChessBase"]
[PlyCount "93"]
[EventDate "2022.03.30"]
[EventType "tourn"]
[EventCountry "NET"]
[SourceTitle "playchess.com"]
[Source "ChessBase"]
[SourceQuality "1"]
[TimeControl "5400+30"]

1. Nf3 {[%emt 1:15:40]} Nf6 {[%emt 1:15:40]} 2. c4 {[%emt 0:00:25]} c5 {[%emt 0:00:32]} 3. Nc3 {[%emt 0:00:24]} d5 {[%emt 0:00:21]} 4. cxd5 {[%emt 0:00:21]} Nxd5 {[%emt 0:00:22]} 5. d4 {[%emt 0:00:21]} Nxc3 {[%emt 0:00:27]} 6. bxc3 {[%emt 0:00:21]} g6 {[%emt 0:00:20]} 7. g3 {[%emt 0:00:39]} Bg7 {[%emt 0:00:22]} 8. Bg2 {[%emt 0:00:21]} Nc6 {[%emt 0:00:43]} 9. d5 {[%emt 0:00:44]} Nb4 {[%emt 0:01:31]} 10. cxb4 {[%emt 0:02:21]} Bxa1 {[%emt 0:00:24]} 11. bxc5 {[%emt 0:01:12]} Qa5+ {[%emt 0:00:39]} 12. Bd2 {[%emt 0:00:26]} Bc3 {[%emt 0:00:23]} 13. Qc2 {[%emt 0:00:34]} Bxd2+ {[%emt 0:00:44]} 14. Nxd2 {[%emt 0:00:20]} O-O {[%emt 0:00:56]} 15. O-O {[%emt 0:00:28]} Bd7 {[%emt 0:01:20]} 16. d6 {[%emt 0:02:32]} exd6 {[%emt 0:00:54]} 17. Ne4 {[%emt 0:00:35]} Bf5 {[%emt 0:02:06]} 18. Nf6+ {[%emt 0:00:26]} Kh8 {[%emt 0:00:54]} 19. e4 {[%emt 0:03:33]} Be6 {[%emt 0:01:38]} 20. Qc1 {[%emt 0:01:26]} Qd8 {[%emt 0:01:01]} 21. Qa1 {[%emt 0:01:31]} dxc5 {[%emt 0:00:49]} 22. Rd1 {[%emt 0:00:21]} Qa5 {[%emt 0:00:45]} 23. Qe5 {[%emt 0:01:36]} Rad8 {[%emt 0:04:35]} 24. Nd5+ {[%emt 0:01:20]} f6 {[%emt 0:00:22]} 25. Qxe6 {[%emt 0:00:21]} Qxa2 {[%emt 0:00:21]} 26. h4 {[%emt 0:01:00]} Qb2 {[%emt 0:00:49]} 27. Qe7 {[%emt 0:00:56]} c4 {[%emt 0:01:09]} 28. Ne3 {[%emt 0:01:52]} Rde8 {[%emt 0:00:23]} 29. Qc5 {[%emt 0:00:56]} Rc8 {[%emt 0:00:39]} 30. Qxa7 {[%emt 0:00:37]} c3 {[%emt 0:00:59]} 31. Qd4 {[%emt 0:01:42]} Qa3 {[%emt 0:01:58]} 32. Nc2 {[%emt 0:00:50]} Qe7 {[%emt 0:00:50]} 33. Qb6 {[%emt 0:00:33]} Rfd8 {[%emt 0:00:52]} 34. Rd5 {[%emt 0:00:22]} Kg7 {[%emt 0:01:01]} 35. Bf3 {[%emt 0:00:21]} Rxd5 {[%emt 0:00:23]} 36. exd5 {[%emt 0:00:21]} Rd8 {[%emt 0:00:22]} 37. Qd4 {[%emt 0:00:39]} Qe5 {[%emt 0:00:30]} 38. Qb4 {[%emt 0:00:21]} Rd7 {[%emt 0:01:00]} 39. Nd4 {[%emt 0:00:24]} Kf7 {[%emt 0:00:23]} 40. Qxc3 {[%emt 0:00:21]} Rc7 {[%emt 0:00:25]} 41. Qb4 {[%emt 0:00:24]} Rc1+ {[%emt 0:00:31]} 42. Kg2 {[%emt 0:00:22]} Qe1 {[%emt 0:00:22]} 43. Qxb7+ {[%emt 0:00:23]} Kg8 {[%emt 0:00:24]} 44. Kh3 {[%emt 0:00:40]} Qxf2 {[%emt 0:00:26]} 45. Ne6 {[%emt 0:00:29]} Qf1+ {[%emt 0:00:46]} 46. Bg2 {[%emt 0:00:24]} Qf5+ {[%emt 0:00:26]} 47. Kh2 {[%emt 0:00:21]} 1-0

[Event "MPL-1 Indian Chess Tour 2022"]
[Site "Online"]
[Date "2022.03.27"]
[Round "3.6"]
[White "Aryan Chopra"]
[Black "Lalith Babu M R"]
[Result "1-0"]
[WhiteElo "2585"]
[BlackElo "2563"]
[Annotator "TA"]
[PlyCount "65"]
[EventDate "2022.03.30"]
[EventType "tourn"]
[EventCountry "NET"]
[SourceTitle "playchess.com"]
[Source "ChessBase"]
[SourceQuality "1"]

{[%evp 11,65,0,21,5,5,3,25,6,8,0,0,0,14,0,0,0,0,0,0,0,0,0,16,18,15,-7,39,22,20,-12,-13,-6,0,-10,0,0,0,0,0,0,0,0,0,-11,-7,-7,0,0,0,0,0,0,0,0,725,672]} 1. d4 Nf6 2. Nf3 e6 3. Bf4 b6 4. e3 Bb7 5. Bd3 Be7 6. h3 c5 {now scores much better than the old 6...0-0.} 7. O-O {A47: 1 d4 Nf6 2 Nf3 b6: Torre, London and Colle Systems.} O-O 8. Nbd2 Ba6 9. c4 {White has an edge.} Nc6 10. Qa4 Bb7 11. Rac1 {[#]} a6 $146 ({Predecessor:} 11... d6 12. Bb1 Qd7 13. dxc5 dxc5 14. Rfd1 Ne5 15. Qxd7 Nexd7 16. Nf1 Bxf3 17. gxf3 Rac8 {½-½ (36) Lemke,H-Schwarzmeier,J GER corr 1990}) 12. dxc5 bxc5 13. a3 Qb6 14. Qc2 d6 15. Rfd1 Rad8 16. Bh2 Rd7 17. Nb1 Na5 18. Nc3 Bc6 (18... Bxf3 $11 19. gxf3 Nc6) 19. Rb1 (19. Nd2 $5 {[%cal Rc1b1]}) 19... Qb3 20. Qe2 {[#] Strongly threatening Nd2.} Bxf3 21. gxf3 Rfd8 22. Rd2 d5 23. cxd5 Nxd5 24. Nxd5 Rxd5 25. Rbd1 {[#] Black must now prevent Bc7.} c4 26. Bc2 {This bishop pair is nice.} Qb5 27. Bc7 Rxd2 28. Rxd2 Rxd2 29. Qxd2 Nb7 30. a4 Qc6 31. Bg3 Nc5 {Inhibits Be4.} 32. Qb4 Nd3 $2 {[%mdl 8192]} 33. Qxe7 {Weighted Error Value: White=0.07 (flawless) /Black=0.09 (flawless)} 1-0